| 000 | 00577 a2200169 4500 | ||
|---|---|---|---|
| 999 |
_c209 _d209 |
||
| 008 | 220810b ||||| |||| 00| 0 eng d | ||
| 020 | _a9789280116083 | ||
| 041 | 0 | _aeng | |
| 082 | 0 | 0 |
_a623.8245 _bI339 |
| 110 |
_976 _aInternational Maritime Organization |
||
| 245 |
_aBasic training for liquefied gas tanker cargo operations (Model Course 1.04) / _cInternational Maritime Organization |
||
| 260 |
_aLondon: _bInternational Maritime Organization, _c2014. |
||
| 300 | _av, 192p. | ||
| 490 | 0 |
_aModel Course ; _v1.04 |
|
| 650 | 0 |
_aTankers _xLoading and Unloading |
|
| 942 |
_2ddc _cBK |
||